Online
Catalog

Química elemental moderna / (Record no. 10543)

MARC details
000 -CABECERA
campo de control de longitud fija 00600nam a22001937 4500
001 - NÚMERO DE CONTROL
campo de control 000010793
005 - FECHA Y HORA DE LA ÚLTIMA TRANSACCIÓN
campo de control 20200929162307.0
008 - DATOS DE LONGITUD FIJA--INFORMACIÓN GENERAL
campo de control de longitud fija 910716n1965 ag 000 0 spa
010 ## - NÚMERO DE CONTROL DE LA BIBLIOTECA DEL CONGRESO
Número de control de LC ltf91082201
040 ## - FUENTE DE LA CATALOGACIÓN
Centro catalogador/agencia de origen DO-SdBNP
Centro/agencia transcriptor DLC
Centro/agencia modificador DLC
082 ## - NÚMERO DE LA CLASIFICACIÓN DECIMAL DEWEY
Número de clasificación 546
Número de documento/Ítem C394q
049 ## - FONDOS LOCALES (OCLC)
Fondos de biblioteca BNGR
100 1# - ENTRADA PRINCIPAL--NOMBRE DE PERSONA
Nombre de persona Celsi, Santiago A. [from old catalog]
9 (RLIN) 26074
245 10 - MENCIÓN DE TÍTULO
Título Química elemental moderna /
Mención de responsabilidad, etc. Santiago A. Celsi, Alberto D. Iacobucci.
260 ## - PUBLICACIÓN, DISTRIBUCIÓN, ETC.
Lugar de publicación, distribución, etc. Buenos Aires :
Nombre del editor, distribuidor, etc. Kapelusz,
Fecha de publicación, distribución, etc. c1965.
300 ## - DESCRIPCIÓN FÍSICA
Extensión 397 p. :
Otras características físicas ilus. ;
Dimensiones 20 cms.
650 #4 - PUNTO DE ACCESO ADICIONAL DE MATERIA--TÉRMINO DE MATERIA
Término de materia o nombre geográfico como elemento de entrada Química inorgánica
9 (RLIN) 26072
910 ## - DATOS DE OPCIÓN DEL USUARIO (OCLC)
Datos de opción del usuario Catalogación por copia / LC
Holdings
Estado de retiro Estado de pérdida Restricciones de uso No para préstamo Código de colección Localización permanente Ubicación/localización actual Ubicación en estantería Fecha de adquisición Número de inventario Total de préstamos Signatura topográfica completa Código de barras Fecha visto por última vez Precio válido a partir de Tipo de ítem Koha
    Préstamo interno   Monografías: Libros y Folletos General General En catalogación 10.10.2009 LF1   546 C394q 10793-10 25.06.2020 25.06.2020 Préstamo interno

Powered by Koha